Poorest Countries With Access To the Sea - Statistics

General Stats
  • This quiz has been taken 63 times
  • The average score is 7 of 10
Answer Stats
# General world rank GDP (USD per capita) Country % Correct
2. 3 925 Somalia
94%
4. 8 1277 Mozambique
81%
3. 6 1106 Democratic Republic of the Congo
74%
8. 13 1821 Eritrea
74%
7. 12 1725 Sierra Leone
74%
10. 15 2199 Togo
74%
9. 14 1927 Yemen
74%
5. 9 1557 Liberia
72%
1. 8 (2020)* 533,4 Syria
62%
6. 10 1599 Madagascar
58%
No matching quizzes found
Score Distribution
Percent of People with Each Score
Percentile by Number Answered
Your Score History
You have not taken this quiz